书目信息 |
| 题名: |
图说哲学
|
|
| 作者: | 龚耘 , 彭克慧 著 | |
| 分册: | ||
| 出版信息: | 北京 华文出版社 2009.07 |
|
| 页数: | 212页 | |
| 开本: | 24cm | |
| 丛书名: | ||
| 单 册: | ||
| 中图分类: | B1-49 | |
| 科图分类: | ||
| 主题词: | 哲学史--zhe xue shi--世界--通俗读物 , 哲学家--zhe xue jia--生平事迹--世界--通俗读物 | |
| 电子资源: | ||
| ISBN: | 978-7-5075-2576-2 | |
| 000 | 00853nam0 2200253 450 | |
| 001 | 012009431921 | |
| 005 | 20091110204117.50 | |
| 010 | @a978-7-5075-2576-2@dCNY29.80 | |
| 100 | @a20091110d2009 em y0chiy0120 ea | |
| 101 | 0 | @achi |
| 102 | @aCN@b110000 | |
| 105 | @aa z 000yy | |
| 106 | @ar | |
| 200 | 1 | @a图说哲学@Atu shuo zhe xue@f龚耘, 彭克慧著@Fgong yun,peng ke hui zhu |
| 210 | @a北京@c华文出版社@d2009.07 | |
| 215 | @a212页@c图@d24cm | |
| 330 | @a本书采用直观的图文呈现手法,用故事性的叙述语言讲述哲学的发展历史,记录哲学大师的人生历程。本书内容丰富,可读性强。 | |
| 606 | 0 | @a哲学史@Azhe xue shi@x世界@j通俗读物 |
| 606 | 0 | @a哲学家@Azhe xue jia@x生平事迹@y世界@j通俗读物 |
| 690 | @aB1-49@v4 | |
| 701 | 0 | @a龚耘@Agong yun@4著 |
| 701 | 0 | @a彭克慧@Apeng ke hui@4著 |
| 801 | 0 | @aCN@bQSSK@c20091110 |
| 905 | @b764942-44@dB1-49@eG397@f3 | |
| 图说哲学/龚耘, 彭克慧著.-北京:华文出版社,2009.07 |
| 212页:图;24cm |
| ISBN 978-7-5075-2576-2:CNY29.80 |
| 本书采用直观的图文呈现手法,用故事性的叙述语言讲述哲学的发展历史,记录哲学大师的人生历程。本书内容丰富,可读性强。 |
| ● |
| 相关链接 |
|
|
|
正题名:图说哲学
索取号:B1-49/G397
 
预约/预借
| 序号 | 登录号 | 条形码 | 馆藏地/架位号 | 状态 | 备注 |
| 1 | 764942 | 207649428 | 社科库509/509社科库 8排2列3层/ [索取号:B1-49/G397] | 在馆 | |
| 2 | 764943 | 207649437 | 社科库509/509社科库 8排2列3层/ [索取号:B1-49/G397] | 在馆 | |
| 3 | 764944 | 207649446 | 社科库509/509社科库 8排2列3层/ [索取号:B1-49/G397] | 在馆 |